00169nam a2200085Ia 4500100001400000245003400014260001700048082001000065300000800075 aTown H.C  aCutting tools Jigs & Fixtures bOdhams Press a621.9 a360